Δημόσιες σχέσεις : το επάγγελμα και η άσκησή του
Αποθηκεύτηκε σε:
| Κύριος συγγραφέας: | |
|---|---|
| Άλλοι συγγραφείς: | , , , , |
| Μορφή: | Βιβλίο |
| Γλώσσα: | Greek English |
| Δημοσίευση: |
Αθήνα :
Παπαζήσης,
2001.
|
| Θέματα: | |
| Ετικέτες: |
Προσθήκη ετικέτας
Δεν υπάρχουν, Καταχωρήστε ετικέτα πρώτοι!
|
MARC
| LEADER | 00000cam a2200000 i 4500 | ||
|---|---|---|---|
| 001 | 1/45175 | ||
| 008 | 031121s2001 gr | ||| |||| ||gre|| | ||
| 020 | |a 9600214867 | ||
| 035 | |l 10071679 | ||
| 040 | |a GR-MyUa |b gre |e AACR2 | ||
| 041 | 1 | |a gre |h eng | |
| 082 | 7 | |a 659.2 |2 (23) | |
| 100 | 1 | |a Baskin, Otis W. | |
| 245 | 1 | 0 | |a Δημόσιες σχέσεις : |b το επάγγελμα και η άσκησή του / |c Otis Baskin, Craig Aronoff, Dan Lattimore ; επιστημονική προσαρμογή: Διονύσης Κ. Μαγγλιβέρας ; επιστημονικός σύμβουλος: Περικλής Ν. Λύτρας ; μετάφραση: Ελεάννα Αντώνογλου. |
| 260 | |a Αθήνα : |b Παπαζήσης, |c 2001. | ||
| 300 | |a 258 σ. ; |c 24 εκ. | ||
| 500 | |a Τίτλος πρωτοτύπου: Public relations. | ||
| 650 | 0 | |a Public relations. | |
| 650 | 0 | |a Public relations |z United States. | |
| 700 | 1 | |a Aronoff, Craig E. | |
| 700 | 1 | |a Lattimore, Dan. | |
| 700 | 1 | |a Μαγκλιβέρας, Διονύσης Κ. |e edt | |
| 700 | 1 | |a Λύτρας, Περικλής Ν., |d 1953- |e edt | |
| 700 | 1 | |a Αντώνογλου, Ελεάννα, |e trl | |
| 852 | |a INST |b RHODES |e 20031121 |h 659.2 BAS |p 005400020145 |q 005400020145 |t BK |y 0 | ||
| 901 | |a BIBL4-2003-3 | ||
| 970 | |a Κουλακιότη |b Λίτσα |z 2003/11/21 | ||